00598nam a2200157 a 450000500170000000800410001704000210005804100080007904400070008711000230009424501790011726000280029630000190032450000340034365000630037720170630020002.0140217b2009 ck ||||| |||| 00| 0 spa d aCO-BoIHcCO-BoIH aspa ack2 bNature Conservancy10aPlanificación ambiental del sector de hidrocarburos para la conservación de la biodiversidad en áreas de interés para la agencia nacional de hidrocarburos en Colombia aBogotá :bIAVHc2009. a250 p.c27 cm. aConvenio No. 07-06-486-0230CE04aConservación de la biodiversidad biológicaz Colombia.